Metody analýzy materiálů

Salvato in:
Dettagli Bibliografici
Autore principale: Gricová, Marie (Autore)
Natura: Libro
Lingua:ceco
Pubblicazione: Praha : České vysoké učení technické v Praze, 1988
Edizione:1. vyd.
Tags: Aggiungi Tag
Nessun Tag, puoi essere il primo ad aggiungerne!!

MARC

LEADER 00000nam a22000003a 4500
001 stu25456
005 20150617225745.7
008 980429s1988------------------------cze-d
040 |a STU  |b slo 
041 0 |a cze 
100 1 |a Gricová, Marie  |4 aut 
245 1 |a Metody analýzy materiálů 
250 |a 1. vyd. 
260 |a Praha :  |b České vysoké učení technické v Praze,  |c 1988 
300 |a 138 s 
996 |b 284ES14074  |c E*S-31303  |l EE01  |s A  |a 24  |w stu25456_0002